Guess the Taylor Swift Song with No Hints - 19 - Statistics

General Stats
  • This quiz has been taken 57 times
  • The average score is 266 of 375
Answer Stats
Answer % Correct
I
100%
a
98%
you
96%
You
96%
you,
96%
the
94%
your
94%
Your
94%
and
92%
And
92%
be
92%
on
92%
We
92%
we
92%
this,
90%
this
90%
This
90%
(This
90%
is
88%
it
88%
to
88%
do
86%
I'm
84%
No
84%
no
84%
No)
84%
that
84%
That
84%
We're
84%
What
84%
(What
84%
it's
82%
its
82%
love
82%
could
78%
have
78%
hear
78%
I'll
78%
one
78%
one,
78%
time
78%
time,
78%
time)
78%
you're
78%
ever
76%
how
76%
How
76%
of
76%
but
73%
Her
73%
said
73%
so
73%
last
71%
can't
69%
Didn't
67%
got
67%
babe?
63%
babe
63%
babe)
63%
(babe,
63%
(yea,
63%
yea,
63%
yea)
63%
about
61%
away,
61%
away
61%
down
61%
has
61%
want
61%
won't
61%
never
59%
that's
59%
because
57%
call,
57%
call
57%
here
57%
should
57%
every
55%
really
55%
shame
55%
made
53%
made,
53%
yeah
53%
(yeah,
53%
yeah,
53%
yeah)
53%
else,
51%
else
51%
hate
49%
lips
49%
neck
49%
look
47%
promise
47%
unsee
47%
getting
45%
kitchen
45%
promises,
45%
promises?
45%
ain't
43%
blew
43%
break
43%
floor
43%
picturing
43%
Since
43%
admitted
41%
doesn't
41%
keep
41%
through
41%
Big
39%
face
39%
mistake,
39%
plans
39%
broke
37%
waste
37%
ball
35%
innocent
35%
(oh-oh),
35%
(oh-oh)
35%
secret
35%
wreck,
35%
consequence
33%
sweetest
33%
Taking
33%
wrecking
33%
pictures
31%
strange
31%
(Eh,
16%
eh,
16%
eh)
16%
eevry
0%
yesh
0%
No matching quizzes found
Score Distribution
Percent of People with Each Score
Percentile by Number Answered
Your Score History
You have not taken this quiz